000 00399nam a2200169Ia 4500
100 _aSingh/D.K
650 _aManufacturing Engineering
942 _cBK
366 _f20
654 _amanufacturing engineering
245 _aFundamentals of Manufacturing Engineering
260 _bAne Books India
_aMumbai
_c2008
082 _a671/SIN
_bSIN
300 _a527
546 _aENGLISH
999 _c35432
_d35432